000 01643nam a2200409 i 4500
001 ELB30691
003 FlNmELB
006 m o d |
007 cr cnu||||||||
008 160411s2010 sp a o 000 0 spa d
035 _a(MiAaPQ)EBC4423399
035 _a(Au-PeEL)EBL4423399
035 _a(CaPaEBR)ebr11162908
035 _a(OCoLC)984773356
040 _aFINmELB
_bspa
_erda
_cFINmELB
050 4 _aHD56
_bF9812 2010
080 _a338.31
082 0 _a338.06
_223
110 2 _aFundación BBVA.
245 1 4 _aLas fuentes del crecimiento de la productividad /
_cFundación BBVA.
264 1 _aBilbao :
_bFundación BBVA ;
_aValencia :
_bInstituto Valenciano de Investigaciones Económicas,
_c2010.
300 _a1 recurso en línea (15 páginas) :
_bilustraciones color, gráficos
336 _atexto
_btxt
_2rdacontent/spa
337 _acomputadora
_bc
_2rdamedia/spa
338 _arecurso en línea
_bcr
_2rdacarrier/spa
490 1 _aCapital y crecimiento ;
_v4/2010
588 _aDescripción basada en recurso en línea; Título de la página del título en PDF (e-libro, visto April 11, 2016).
590 _aRecurso electronico. Santa Fe, Arg. : e-libro, 2016. Disponible via World Wide Web. El acceso puede ser limitado para las bibliotecas afiliadas a e-libro.
650 0 _aIndustrial productivity.
650 0 _aInformation technology
_xEconomic aspects.
650 4 _aProductividad.
650 4 _aTecnología de la información.
655 4 _aLibros electrónicos.
797 2 _ae-libro, Corp.
830 0 _aCapital y crecimiento ;
_v4/2010.
856 4 0 _uhttps://elibro.net/ereader/usam/30691
999 _c153355
_d153355